countries of the world without a map - Statistics

General Stats
  • This quiz has been taken 228 times
  • The average score is 154 of 196
Answer Stats
hint Answer % Correct
a albania
94%
a austria
94%
a algeria
92%
a afghanistan
91%
a andorra
91%
a australia
91%
a angola
89%
c canada
89%
d democratic republic of the congo
88%
b brazil
86%
b brunei
86%
c chad
86%
c china
86%
b bolivia
85%
f france
85%
r republic of the congo
85%
u united kingdom
85%
a argentina
84%
a armenia
84%
b bahrain
84%
b belgium
84%
b benin
84%
b bosnia and herzegovina
84%
d dominican republic
84%
e egypt
84%
i india
84%
u united states of america
84%
a azerbaijan
83%
b bulgaria
83%
c chile
83%
c cuba
83%
f finland
83%
i iceland
83%
i ireland
83%
t turkey
83%
b bahamas
82%
b bhutan
82%
c cambodia
82%
c czechia
82%
d denmark
82%
d dominica
82%
j japan
82%
l libya
82%
p portugal
82%
r russia
82%
y yemen
82%
z zambia
82%
z zimbabwe
82%
a antigua and barbuda
81%
b barbados
81%
b botswana
81%
b burundi
81%
c colombia
81%
e estonia
81%
g ghana
81%
g guyana
81%
l latvia
81%
l liberia
81%
l lithuania
81%
p poland
81%
r romania
81%
s spain
81%
v venezuela
81%
b burkina faso
80%
c croatia
80%
e el salvador
80%
g greece
80%
g guinea
80%
h haiti
80%
i iran
80%
i iraq
80%
i italy
80%
j jamaica
80%
l laos
80%
s suriname
80%
s sweden
80%
v vatican
80%
b bangladesh
79%
b belize
79%
c costa rica
79%
e eritrea
79%
e ethiopia
79%
g gabon
79%
g gambia
79%
g germany
79%
g grenada
79%
g guatemala
79%
g guinea bissau
79%
i indonesia
79%
j jordan
79%
l lesotho
79%
m mali
79%
m mexico
79%
o oman
79%
s san marino
79%
s slovakia
79%
s slovenia
79%
v vietnam
79%
b belarus
78%
c comoros
78%
d djibouti
78%
e eswatini
78%
h honduras
78%
h hungary
78%
i israel
78%
k kazakhstan
78%
k kuwait
78%
l luxembourg
78%
n north korea
78%
n norway
78%
t tajikistan
78%
t togo
78%
t turkmenistan
78%
t tuvalu
78%
u united arab emirates
78%
f fiji
77%
l lebanon
77%
l liechtenstein
77%
m madagascar
77%
m malaysia
77%
m mauritania
77%
n niger
77%
n nigeria
77%
n north macedonia
77%
p pakistan
77%
q qatar
77%
s saint kitts and nevis
77%
s saint lucia
77%
s senegal
77%
s south sudan
77%
s sudan
77%
t taiwan
77%
u uzbekistan
77%
k kenya
76%
k kosovo
76%
k kyrgyzstan
76%
m monaco
76%
n netherlands
76%
s saint vincent and the grenadines
76%
s singapore
76%
s south korea
76%
t thailand
76%
c cape verde
75%
c cyprus
75%
e ecuador
75%
e equatorial guinea
75%
f federated states of micronesia
75%
k kiribati
75%
m malawi
75%
n nauru
75%
r rwanda
75%
s saudi arabia
75%
s serbia
75%
t tonga
75%
t trinidad and tobago
75%
u ukraine
75%
v vanuatu
75%
c central african republic
74%
i ivory coast
74%
m malta
74%
m marshall islands
74%
m moldova
74%
m morocco
74%
m mozambique
74%
m myanmar
74%
n namibia
74%
n nicaragua
74%
p panama
74%
p paraguay
74%
p peru
74%
s sao tome and principe
74%
t tunisia
74%
u uruguay
74%
g georgia
73%
m mauritius
73%
m montenegro
73%
n new zealand
73%
s switzerland
73%
s syria
73%
c cameroon
72%
e east timor
72%
s somalia
72%
t tanzania
72%
u uganda
72%
n nepal
71%
p palau
71%
p papua new guinea
71%
p philippines
71%
s sierra leone
71%
s solomon islands
71%
s south africa
71%
m mongolia
70%
s samoa
70%
s seychelles
70%
m maldives
69%
s sri lanka
69%
No matching quizzes found
Score Distribution
Percent of People with Each Score
Percentile by Number Answered
Your Score History
You have not taken this quiz